| 000 | 00873na a2200241 4500 | ||
|---|---|---|---|
| 001 | 19978 | ||
| 003 | MIRAKIL | ||
| 005 | 20181213155220.0 | ||
| 008 | 161229b tu 000 0 | ||
| 035 | _a19978 | ||
| 040 |
_aMilas _btur _cTR-AnCHP |
||
| 041 | _atur | ||
| 082 |
_aCHP 925.61 _bB97 2011 |
||
| 090 | _aCHP 925.61 B97 2011 | ||
| 245 |
_aBütün Dünya'da Haberal _bProf.Dr. Mehmet Haberal'ın bütün dünya dergisinde yayımlanan yazıları Türkiye'ye ve insanlığa hizmetleri _cyayına hazırlayan Mete Akyol |
||
| 246 | _aProf.Dr. Mehmet Haberal'ın bütün dünya dergisinde yayımlanan yazıları Türkiye'ye ve insanlığa hizmetleri | ||
| 300 |
_a144 s. _bfotg. _c20 sm. |
||
| 610 | _aHaberal, Mehmet | ||
| 650 |
_aSiyaset ve yönetim _xErgenekon _zTürkiye |
||
| 650 |
_aSiyaset ve yönetim _zTürkiye |
||
| 700 | _aAkyol, Mete | ||
| 942 |
_2dcc _cBKS |
||
| 999 |
_c8663 _d8663 |
||